| 000 | 00602nam a2200205Ia 4500 | ||
|---|---|---|---|
| 001 | 4266 | ||
| 003 | AR-BaAGN | ||
| 005 | 20231116145117.0 | ||
| 007 | ta | ||
| 008 | 211213s1938 xx |||||||||||||| ||spa d | ||
| 040 |
_dAR-BaAGN _aAR-BaAGN _bspa _eaacr |
||
| 100 | _aGonzález, J. Natalicio | ||
| 245 | 1 | 0 |
_aEl drama del Chaco : _bel petróleo, la guerra y la oligarquía liberal _cNatalicio J. González |
| 260 |
_a[Lugar de publicación no identificado] : _bGuarania, _c1938. |
||
| 300 | _a28 páginas | ||
| 336 |
_2rdacontent _btxt |
||
| 337 |
_2rdamedia _bn |
||
| 338 |
_2rdacarrier _bnc |
||
| 942 | _cLIBRO | ||
| 999 |
_c4266 _d4266 |
||